000 00628nam a22002051cc4500
001 a987691284+Band2
035 _aa987691284
008 051101s1993 gw |||| 000u ger d
041 _ager
245 0 4 _aDer Nationalsozialismus
_nBand 2
_pFriedenspropaganda und Kriegsvorbereitung 1935 - 1939
250 _a2., Aufl
264 _aMünchen,
_c1993
300 _a352 S.
700 1 _aHampel, Johannes
_eHerausgeberIn
_916616
246 1 2 _aDer Nationalsozialismus. Friedenspropaganda und Kriegsvorbereitung 1935 - 1939
_nBand 2
773 0 8 _wa987691284
_qBand2
942 _cMG
040 _cRU-10907106
003 RU-10907106
999 _c5704
_d5704